[Event "Las Palmas Insular-chT Primera-A 1617"]
[Site "Las Palmas"]
[Date "2017.01.21"]
[Round "9.2"]
[White "Suarez Ramirez, Jonay"]
[Black "Meyer, Christine"]
[Result "0-1"]
[WhiteElo "1817"]
[BlackElo "1844"]
[PlyCount "50"]
[EventDate "2016.10.22"]
[EventType "team-tourn"]
[EventRounds "14"]
[EventCountry "ESP"]
[SourceTitle "EXT 2018"]
[Source "ChessBase"]
[SourceDate "2017.10.13"]
[SourceVersion "1"]
[SourceVersionDate "2017.10.13"]
[SourceQuality "1"]
[WhiteTeam "Hotel Avda de Canarias III"]
[BlackTeam "Tres W II"]
[WhiteTeamCountry "ESP"]
[BlackTeamCountry "ESP"]

1. d4 c5 2. d5 Nf6 3. c4 b5 4. cxb5 a6 5. bxa6 Bxa6 6. Nc3 d6 7. e4 Bxf1 8. Kxf1 g6 9. Nf3 Bg7 10. g3 0-0 11. Kg2 Qb6 12. a4 Na6 13. Qe2 Rfc8 14. Bd2 Nd7 15. Rhb1 Nb4 16. Nb5 Nc2 17. Ra2 Nd4 18. Nfxd4 cxd4 19. Bg5 Ne5 20. Bxe7 d3 21. Qe3 Qxe3 22. fxe3 Rc2+ 23. Kf1 Ng4 24. Raa1 Nxh2+ 25. Ke1 Re2+ 0-1

[Event "Las Palmas Insular-chT Primera-A 1617"]
[Site "Las Palmas"]
[Date "2016.11.05"]
[Round "3.1"]
[White "Meyer, Christine"]
[Black "Grube, Kurt Heinz"]
[Result "1/2-1/2"]
[WhiteElo "1844"]
[BlackElo "1692"]
[PlyCount "92"]
[EventDate "2016.10.22"]
[EventType "team-tourn"]
[EventRounds "14"]
[EventCountry "ESP"]
[SourceTitle "EXT 2018"]
[Source "ChessBase"]
[SourceDate "2017.10.13"]
[SourceVersion "1"]
[SourceVersionDate "2017.10.13"]
[SourceQuality "1"]
[WhiteTeam "Tres W II"]
[BlackTeam "Anand II"]
[WhiteTeamCountry "ESP"]
[BlackTeamCountry "ESP"]

1. d4 Nf6 2. c4 g6 3. f3 d6 4. e4 Nbd7 5. Nc3 Bg7 6. Be3 b6 7. Qd2 c5 8. Nge2 Ba6 9. b3 cxd4 10. Nxd4 h5 11. Be2 Ne5 12. 0-0 Bb7 13. h3 Nc6 14. Nd5 Qd7 15. a4 Rc8 16. Rad1 0-0 17. Nxc6 Bxc6 18. Bh6 Nxd5 19. cxd5 Bb7 20. Bxg7 Kxg7 21. Qd4+ Kh7 22. f4 Rc5 23. f5 Qe8 24. Qe3 Bc8 25. Qg5 Rg8 26. f6 exf6 27. Rxf6 Rg7 28. Bxh5 gxh5 29. Qxh5+ Kg8 30. Rh6 Kf8 31. Rh8+ Rg8 32. Rf1 Rxh8 33. Qxh8+ Ke7 34. Qf6+ Kd7 35. Qg7 Kc7 36. Rxf7+ Bd7 37. Re7 Qd8 38. h4 Kc8 39. h5 Rc7 40. h6 Rc1+ 41. Kh2 Qc7 42. Qg5 Qc5 43. Qg8+ Kc7 44. Rxd7+ Kxd7 45. Qe6+ Kc7 46. Qe7+ Kc8 1/2-1/2

[Event "Las Palmas Insular-chT Primera-A"]
[Site "Las Palmas"]
[Date "2016.02.27"]
[Round "12.3"]
[White "Cabrera Guerra, Sergio"]
[Black "Meyer, Christine"]
[Result "1/2-1/2"]
[WhiteElo "2194"]
[BlackElo "1860"]
[PlyCount "60"]
[EventDate "2015.10.17"]
[EventType "team-tourn"]
[EventRounds "14"]
[EventCountry "ESP"]
[SourceTitle "EXT 2017"]
[Source "ChessBase"]
[SourceDate "2016.10.25"]
[SourceVersion "1"]
[SourceVersionDate "2016.10.25"]
[SourceQuality "1"]
[WhiteTeam "Univacit Guia"]
[BlackTeam "Tres W "]
[WhiteTeamCountry "ESP"]
[BlackTeamCountry "ESP"]

1. d4 c5 2. d5 Nf6 3. Nf3 g6 4. g3 d6 5. Bg2 Bg7 6. 0-0 0-0 7. c4 Na6 8. Nc3 Nc7 9. e4 Rb8 10. a4 b6 11. Re1 a6 12. e5 Nfe8 13. Qe2 Bd7 14. exd6 Nxd6 15. Bf4 Re8 16. Ne5 Nf5 17. Nxd7 Nd4 18. Qg4 f5 19. Qd1 Qxd7 20. Ne2 Nxe2+ 21. Rxe2 Rbd8 22. Qb3 e5 23. dxe6 Nxe6 24. Bd5 Kh8 25. Bd2 Nc7 26. Rxe8+ Rxe8 27. Bc3 Nxd5 28. cxd5 Bxc3 29. Qxc3+ Qg7 30. Qb3 Qf6 1/2-1/2

[Event "Las Palmas Insular-chT Pref"]
[Site "Las Palmas "]
[Date "2016.02.06"]
[Round "11.4"]
[White "Diaz Perez, Jose Juan"]
[Black "Meyer, Christine"]
[Result "1-0"]
[WhiteElo "1713"]
[BlackElo "1855"]
[PlyCount "85"]
[EventDate "2015.10.17"]
[EventType "team-tourn"]
[EventRounds "14"]
[EventCountry "ESP"]
[SourceTitle "EXT 2017"]
[Source "ChessBase"]
[SourceDate "2016.10.25"]
[SourceVersion "1"]
[SourceVersionDate "2016.10.25"]
[SourceQuality "1"]
[WhiteTeam "Sociedad La Montana"]
[BlackTeam "Tres W"]
[WhiteTeamCountry "ESP"]
[BlackTeamCountry "ESP"]

1. d4 c5 2. d5 Nf6 3. c4 b5 4. b3 g6 5. Bb2 Bg7 6. e4 d6 7. cxb5 0-0 8. Qc2 a6 9. Nd2 e6 10. dxe6 Bxe6 11. Ngf3 axb5 12. Bxb5 Qa5 13. Be2 Nxe4 14. Bxg7 Nxd2 15. Bc3 Nxf3+ 16. Bxf3 Qa6 17. Bxa8 Bf5 18. Qe2 Qxa8 19. 0-0 Nd7 20. Rfe1 d5 21. Qf3 Be4 22. Qf4 Qa6 23. f3 Bf5 24. g4 Be6 25. h4 d4 26. Bd2 f5 27. g5 Qc6 28. Kf2 Qd5 29. Rh1 Bf7 30. Rae1 Re8 31. Rxe8+ Bxe8 32. Re1 Kf7 33. Ba5 c4 34. Bc7 c3 35. Bd6 d3 36. Re7+ Kf8 37. Re5+ Qxd6 38. Rxe8+ Kxe8 39. Qxd6 c2 40. Qc6 Ke7 41. f4 Nb6 42. Qc5+ Kd7 43. Ke3 1-0

[Event "Las Palmas Insular-chT Primera-A"]
[Site "Las Palmas"]
[Date "2015.12.12"]
[Round "6.2"]
[White "Meyer, Christine"]
[Black "Antonini, Roberto"]
[Result "1-0"]
[WhiteElo "1860"]
[BlackElo "1590"]
[PlyCount "95"]
[EventDate "2015.10.17"]
[EventType "team-tourn"]
[EventRounds "14"]
[EventCountry "ESP"]
[SourceTitle "CBM 170 Extra"]
[Source "ChessBase"]
[SourceDate "2016.02.25"]
[SourceVersion "1"]
[SourceVersionDate "2016.02.25"]
[SourceQuality "1"]
[WhiteTeam "Tres W "]
[BlackTeam "Hotel Avda de Canarias IV"]
[WhiteTeamCountry "ESP"]
[BlackTeamCountry "ESP"]

1. d4 d5 2. c4 c5 3. cxd5 Qxd5 4. Nc3 Qxd4 5. Qxd4 cxd4 6. Nb5 Na6 7. Nf3 f6 8. Nfxd4 Bd7 9. e4 e5 10. Nb3 0-0-0 11. Bd2 Kb8 12. Rc1 Bc6 13. f3 Nb4 14. Na5 Be8 15. Rc7 Bc6 16. a3 Nc2+ 17. Kd1 Ne3+ 18. Kc1 Nxf1 19. Rxf1 Ne7 20. Bb4 Nc8 21. Bxf8 Rhxf8 22. Nxc6+ bxc6 23. Rxc6 Rd7 24. Rd1 Rfd8 25. Rxd7 Rxd7 26. Kc2 Kb7 27. Rc3 a6 28. Rb3 axb5 29. Rxb5+ Kc6 30. Rb3 Nb6 31. Rc3+ Kb5 32. b4 Na4 33. Rc8 Nb6 34. Rc5+ Ka6 35. a4 Na8 36. Ra5+ Kb7 37. Rb5+ Kc8 38. Kb3 Nc7 39. Rc5 Kb7 40. b5 Ne6 41. Rc3 Nd4+ 42. Kb4 Rd8 43. a5 Rc8 44. a6+ Kb8 45. a7+ Kb7 46. Rxc8 Kxa7 47. Rc7+ Kb6 48. Rxg7 1-0

[Event "Las Palmas Insular-chT Primera-A"]
[Site "Las Palmas"]
[Date "2015.11.14"]
[Round "3.2"]
[White "Gil Cabrera, Manuel"]
[Black "Meyer, Christine"]
[Result "1/2-1/2"]
[WhiteElo "1468"]
[BlackElo "1860"]
[PlyCount "57"]
[EventDate "2015.10.17"]
[EventType "team-tourn"]
[EventRounds "14"]
[EventCountry "ESP"]
[SourceTitle "CBM 170 Extra"]
[Source "ChessBase"]
[SourceDate "2016.02.25"]
[SourceVersion "1"]
[SourceVersionDate "2016.02.25"]
[SourceQuality "1"]
[WhiteTeam "El Puerto de Santa Lucia II"]
[BlackTeam "Tres W "]
[WhiteTeamCountry "ESP"]
[BlackTeamCountry "ESP"]

1. e4 c6 2. d4 d5 3. e5 Bf5 4. Bd3 Bxd3 5. Qxd3 e6 6. Nf3 Ne7 7. Bg5 Qb6 8. Nc3 Nd7 9. 0-0 Ng6 10. a3 c5 11. Be3 Rc8 12. Rfc1 c4 13. Qd2 Be7 14. Ne2 0-0 15. c3 Nb8 16. Ng3 Nc6 17. Rf1 Qc7 18. Nh5 Na5 19. Rab1 Nb3 20. Qc2 b5 21. Bg5 a5 22. Bxe7 Qxe7 23. h3 b4 24. axb4 axb4 25. Ng3 Nf4 26. Ne2 Nxe2+ 27. Qxe2 Ra8 28. Qd1 h6 29. Nd2 1/2-1/2

[Event "Las Palmas Insular-chT Pref"]
[Site "Las Palmas"]
[Date "2015.02.28"]
[Round "8.3"]
[White "Meyer, Christine"]
[Black "Perez Rosales, Pedro"]
[Result "0-1"]
[WhiteElo "1903"]
[BlackElo "2116"]
[PlyCount "54"]
[EventDate "2014.11.22"]
[EventType "team-tourn"]
[EventRounds "14"]
[EventCountry "ESP"]
[SourceTitle "EXT 2016"]
[Source "ChessBase"]
[SourceDate "2015.10.08"]
[SourceVersion "1"]
[SourceVersionDate "2015.10.08"]
[SourceQuality "1"]
[WhiteTeam "Maspalomas"]
[BlackTeam "Villa de Teror Goya"]
[WhiteTeamCountry "ESP"]
[BlackTeamCountry "ESP"]

1. d4 d6 2. c4 e5 3. dxe5 dxe5 4. Qxd8+ Kxd8 5. Nc3 Be6 6. b3 Nd7 7. g3 c6 8. Bh3 Bb4 9. Bb2 Bxh3 10. Nxh3 f6 11. 0-0-0 Nh6 12. Ne4 Kc7 13. f3 Be7 14. g4 Nf7 15. Rhg1 a5 16. Nhf2 a4 17. Kc2 Rhb8 18. h4 axb3+ 19. axb3 b5 20. cxb5 Rxb5 21. Nc3 Rb7 22. Ra1 Rab8 23. Ba3 Bc5 24. Bxc5 Nxc5 25. Rab1 Nxb3 26. e3 Nd6 27. Nd3 Nc4 0-1

[Event "Las Palmas Insular-chT Primera-B"]
[Site "Las Palmas"]
[Date "2014.03.15"]
[Round "11.4"]
[White "Meyer, Christine"]
[Black "Galindo Espino, Fidel"]
[Result "1-0"]
[WhiteElo "1940"]
[BlackElo "1840"]
[PlyCount "73"]
[EventDate "2013.11.09"]
[EventType "team-tourn"]
[EventRounds "14"]
[EventCountry "ESP"]
[SourceTitle "EXT 2015"]
[Source "ChessBase"]
[SourceDate "2014.11.20"]
[SourceVersion "1"]
[SourceVersionDate "2014.11.20"]
[SourceQuality "1"]
[WhiteTeam "Maspalomas"]
[BlackTeam "Telde Los Llanos"]
[WhiteTeamCountry "ESP"]
[BlackTeamCountry "ESP"]

1. d4 Nf6 2. c4 c5 3. d5 e6 4. Nc3 exd5 5. cxd5 d6 6. e4 g6 7. Nf3 a6 8. a4 Bg4 9. Be2 Bxf3 10. Bxf3 Bg7 11. 0-0 0-0 12. Bf4 Re8 13. Re1 Qc7 14. e5 dxe5 15. d6 Qd7 16. Rxe5 Rxe5 17. Bxe5 Nc6 18. Bxf6 Bxf6 19. Ne4 Bd4 20. Rc1 Qf5 21. Qb3 Nb4 22. Rd1 a5 23. Qc4 Rd8 24. Qb5 Qc8 25. Qxa5 f5 26. Nc3 Rxd6 27. Qb5 Nc6 28. Qc4+ Kg7 29. Nb5 Rd8 30. h3 Re8 31. Bxc6 Qxc6 32. Nxd4 cxd4 33. Qxd4+ Kf7 34. Qd7+ Re7 35. Qxc6 bxc6 36. Rc1 Re6 37. Kf1 1-0

[Event "Las Palmas Insular-chT Primera-B"]
[Site "Las Palmas"]
[Date "2014.01.25"]
[Round "7.3"]
[White "Perez Toledo, Antonio Jose"]
[Black "Meyer, Christine"]
[Result "1-0"]
[WhiteElo "1690"]
[BlackElo "1940"]
[PlyCount "119"]
[EventDate "2013.11.09"]
[EventType "team-tourn"]
[EventRounds "14"]
[EventCountry "ESP"]
[SourceTitle "EXT 2015"]
[Source "ChessBase"]
[SourceDate "2014.11.20"]
[SourceVersion "1"]
[SourceVersionDate "2014.11.20"]
[SourceQuality "1"]
[WhiteTeam "Piscolabis Oleaje San Andres"]
[BlackTeam "Maspalomas"]
[WhiteTeamCountry "ESP"]
[BlackTeamCountry "ESP"]

1. d4 c5 2. d5 e5 3. c4 d6 4. Nc3 Be7 5. e4 Nf6 6. Bd3 0-0 7. h3 Na6 8. a3 Nc7 9. Nf3 a6 10. a4 b6 11. 0-0 Rb8 12. Be3 Bd7 13. Qc2 b5 14. axb5 axb5 15. cxb5 Nxb5 16. Nxb5 Bxb5 17. Bxb5 Rxb5 18. Nd2 Ne8 19. f3 Bg5 20. Nc4 Bxe3+ 21. Nxe3 Nc7 22. Ra7 Qb8 23. Ra2 Rb4 24. Nf5 Qb6 25. Ne7+ Kh8 26. Nc6 Rb5 27. Kh2 h6 28. Rfa1 Rc8 29. Na7 Rb8 30. Nxb5 Nxb5 31. Ra8 Nd4 32. Rxb8+ Qxb8 33. Qc3 Qd8 34. Ra7 Qf6 35. Qe3 g5 36. Ra8+ Kg7 37. Ra6 Nc2 38. Qd2 Nd4 39. Rb6 Qd8 40. Rb7 Qc8 41. Re7 Qd8 42. Ra7 Qf6 43. Rd7 Nb3 44. Qe3 Nd4 45. Ra7 Qd8 46. Qf2 Qf6 47. Qe3 Nc2 48. Qd2 Nd4 49. Ra3 Nb5 50. Ra1 Nd4 51. Rf1 Nb3 52. Qe3 Nd4 53. Rf2 Qd8 54. g3 Kg6 55. f4 f6 56. fxe5 fxe5 57. Qa3 Qb8 58. Qa6 Nb3 59. Qc6 Qd8 60. Qb7 1-0

[Event "Las Palmas Insular-chT Primera-B"]
[Site "Las Palmas"]
[Date "2013.12.21"]
[Round "5.4"]
[White "Meyer, Christine"]
[Black "Karlsen, Sverre Johan"]
[Result "1/2-1/2"]
[WhiteElo "1940"]
[BlackElo "1997"]
[PlyCount "72"]
[EventDate "2013.11.09"]
[EventType "team-tourn"]
[EventRounds "14"]
[EventCountry "ESP"]
[SourceTitle "EXT 2015"]
[Source "ChessBase"]
[SourceDate "2014.11.20"]
[SourceVersion "1"]
[SourceVersionDate "2014.11.20"]
[SourceQuality "1"]
[WhiteTeam "Maspalomas"]
[BlackTeam "Estudio Juridicio Hernandez"]
[WhiteTeamCountry "ESP"]
[BlackTeamCountry "ESP"]

1. d4 f5 2. c4 Nf6 3. Nc3 g6 4. h4 Bg7 5. Bg5 0-0 6. Qd2 c5 7. Nf3 Ne4 8. Qe3 Nc6 9. dxc5 Qa5 10. Rc1 Nxc3 11. bxc3 e5 12. h5 e4 13. Nh4 Ne5 14. hxg6 hxg6 15. Qd2 Qxc5 16. Qd5+ Qxd5 17. cxd5 b6 18. f4 exf3 19. gxf3 Re8 20. e3 Nf7 21. Rg1 Nxg5 22. Rxg5 Bf6 23. Rxg6+ Kf7 24. Rh6 Bg5 25. Rh5 Bxe3 26. Rxf5+ Kg8 27. Rc2 Re7 28. Rg2+ Rg7 29. Rxg7+ Kxg7 30. Re5 Bf4 31. Rh5 Bb7 32. Bd3 Rh8 33. Nf5+ Kg8 34. Ne7+ Kg7 35. Nf5+ Kg8 36. Ne7+ Kg7 1/2-1/2

[Event "Las Palmas Insular-chT Primera-B"]
[Site "Las Palmas"]
[Date "2013.11.23"]
[Round "3.4"]
[White "Meyer, Christine"]
[Black "Cobo Mazorra, Alejandro"]
[Result "0-1"]
[WhiteElo "1940"]
[BlackElo "1720"]
[PlyCount "58"]
[EventDate "2013.11.09"]
[EventType "team-tourn"]
[EventRounds "14"]
[EventCountry "ESP"]
[SourceTitle "EXT 2015"]
[Source "ChessBase"]
[SourceDate "2014.11.20"]
[SourceVersion "1"]
[SourceVersionDate "2014.11.20"]
[SourceQuality "1"]
[WhiteTeam "Maspalomas"]
[BlackTeam "Panaderia Pulido San Mateo "]
[WhiteTeamCountry "ESP"]
[BlackTeamCountry "ESP"]

1. d4 Nf6 2. c4 g6 3. f3 c5 4. d5 Bg7 5. e4 d6 6. Nc3 0-0 7. Be3 a6 8. Qd2 b5 9. cxb5 Qa5 10. a4 Nbd7 11. Nh3 Ne5 12. Nf2 axb5 13. Bxb5 Ba6 14. Ra2 Nc4 15. Bxc4 Bxc4 16. Ra3 Rfb8 17. Nfd1 Nd7 18. f4 Rb4 19. h4 Nb6 20. h5 Bb3 21. hxg6 fxg6 22. Qe2 Bxd1 23. Kxd1 Nc4 24. Bc1 Nxa3 25. Qg4 Rd4+ 26. Ke2 Qa6+ 27. Kf3 Rd3+ 28. Be3 Nc2 29. Qe6+ Kf8 0-1

[Event "Maspalomas IRT-A 6th"]
[Site "San Bartolome de Tirajana"]
[Date "2013.07.23"]
[Round "4"]
[White "Meyer, Christine"]
[Black "Marrero Cardenes, Agustin"]
[Result "0-1"]
[WhiteElo "1937"]
[BlackElo "1998"]
[PlyCount "84"]
[EventDate "2013.07.16"]
[EventType "tourn"]
[EventRounds "7"]
[EventCountry "ESP"]
[SourceTitle "EXT 2015"]
[Source "ChessBase"]
[SourceDate "2014.11.20"]
[SourceVersion "1"]
[SourceVersionDate "2014.11.20"]
[SourceQuality "1"]

1. d4 f5 2. Nf3 Nf6 3. c4 g6 4. Nc3 Bg7 5. Bf4 0-0 6. e3 d6 7. h3 c6 8. Bd3 Qe8 9. Qc2 Nbd7 10. Bh2 e5 11. dxe5 dxe5 12. Be2 a5 13. 0-0 Nh5 14. a3 f4 15. e4 h6 16. b4 g5 17. b5 Qg6 18. bxc6 bxc6 19. c5 Nxc5 20. Nd5 cxd5 21. Qxc5 dxe4 22. Nxe5 Bxe5 23. Qxe5 Bf5 24. Rab1 Ng7 25. Bc4+ Kh8 26. Rb7 Qf6 27. Qb5 Qd4 28. h4 Rac8 29. Bb3 e3 30. fxe3 Qxe3+ 31. Kh1 Qd3 32. Re1 Qd2 33. Qe5 Qc3 34. Bg1 Qxe5 35. Rxe5 Rfe8 36. Rxa5 Rc1 37. Kh2 g4 38. Rxg7 Kxg7 39. Bd5 Kg6 40. Ra6+ Re6 41. Rxe6+ Kh5 42. Re1 g3+ 0-1

[Event "Maspalomas IRT-A 6th"]
[Site "San Bartolome de Tirajana"]
[Date "2013.07.20"]
[Round "3"]
[White "Gonzalez Garcia, Guillermo W"]
[Black "Meyer, Christine"]
[Result "1-0"]
[WhiteElo "2158"]
[BlackElo "1937"]
[PlyCount "75"]
[EventDate "2013.07.16"]
[EventType "tourn"]
[EventRounds "7"]
[EventCountry "ESP"]
[SourceTitle "EXT 2015"]
[Source "ChessBase"]
[SourceDate "2014.11.20"]
[SourceVersion "1"]
[SourceVersionDate "2014.11.20"]
[SourceQuality "1"]

1. Nf3 Nf6 2. c4 g6 3. g3 Bg7 4. Bg2 0-0 5. 0-0 c5 6. d4 cxd4 7. Nxd4 Nc6 8. Nc3 a6 9. h3 e5 10. Nc2 d6 11. b3 Be6 12. Bb2 Qd7 13. Kh2 Rab8 14. a4 Ne7 15. e4 Rfc8 16. Na3 Ne8 17. Qd2 f5 18. f4 exf4 19. gxf4 fxe4 20. Nxe4 Bxb2 21. Qxb2 Nf5 22. Rae1 Nfg7 23. Ng5 Nc7 24. Nxe6 Ngxe6 25. f5 Nf8 26. Be4 d5 27. cxd5 Nxd5 28. Qg2 Qd6+ 29. Kh1 Nf4 30. Qg3 Qxa3 31. Rxf4 Rc1 32. Bd5+ Kh8 33. Qe3 Rxe1+ 34. Qxe1 Qb2 35. f6 Rc8 36. Bc4 b5 37. Qe7 Ne6 38. Qxe6 1-0

[Event "Las Palmas Insular-chT Primera-B"]
[Site "Las Palmas"]
[Date "2013.01.26"]
[Round "7.4"]
[White "Meyer, Christine"]
[Black "Rodriguez Mellado, Antonio"]
[Result "0-1"]
[WhiteElo "1984"]
[BlackElo "1776"]
[PlyCount "46"]
[EventDate "2012.11.10"]
[EventType "team-tourn"]
[EventRounds "14"]
[EventCountry "ESP"]
[SourceTitle "EXT 2014"]
[Source "ChessBase"]
[SourceDate "2013.11.20"]
[SourceVersion "1"]
[SourceVersionDate "2013.11.20"]
[SourceQuality "1"]
[WhiteTeam "Maspalomas"]
[BlackTeam "Canarias de Vecindario "]
[WhiteTeamCountry "ESP"]
[BlackTeamCountry "ESP"]

1. d4 d5 2. g3 c5 3. Nf3 Nc6 4. Bg2 cxd4 5. Nxd4 e5 6. Nxc6 bxc6 7. 0-0 Nf6 8. c4 Bb7 9. Bg5 Be7 10. Bxf6 Bxf6 11. cxd5 cxd5 12. Qa4+ Qd7 13. Qxd7+ Kxd7 14. Nc3 e4 15. Rfd1 Bxc3 16. bxc3 Ke6 17. c4 dxc4 18. Rd4 Rac8 19. Rc1 c3 20. Bxe4 Ke5 21. Bxb7 Kxd4 22. Bxc8 Rxc8 23. Kf1 c2 0-1

[Event "Las Palmas Insular-chT Primera-B"]
[Site "Las Palmas"]
[Date "2012.11.17"]
[Round "2.4"]
[White "Meyer, Christine"]
[Black "Rodriguez Manzaneda, Irene"]
[Result "0-1"]
[WhiteElo "1984"]
[BlackElo "1724"]
[PlyCount "92"]
[EventDate "2012.11.10"]
[EventType "team-tourn"]
[EventRounds "14"]
[EventCountry "ESP"]
[SourceTitle "EXT 2014"]
[Source "ChessBase"]
[SourceDate "2013.11.20"]
[SourceVersion "1"]
[SourceVersionDate "2013.11.20"]
[SourceQuality "1"]
[WhiteTeam "Maspalomas"]
[BlackTeam "Telde Los Llanos"]
[WhiteTeamCountry "ESP"]
[BlackTeamCountry "ESP"]

1. d4 d5 2. g3 Nf6 3. Bg2 Bf5 4. c4 c6 5. Nc3 e6 6. cxd5 exd5 7. Nf3 Bd6 8. 0-0 0-0 9. Nh4 Be6 10. Qd3 Qc8 11. Re1 h6 12. e4 dxe4 13. Nxe4 Be7 14. Nc5 Bxc5 15. dxc5 Rd8 16. Qc3 Nd5 17. Qc2 Nd7 18. Bxh6 gxh6 19. Rxe6 fxe6 20. Qg6+ Kf8 21. Qxh6+ Kf7 22. Qh7+ Ke8 23. Ng6 N7f6 24. Qg7 Qc7 25. Qh6 Qh7 26. Qf8+ Kd7 27. Qd6+ Kc8 28. Qxe6+ Qd7 29. Bxd5 Nxd5 30. Qe5 Re8 31. Qg5 Kc7 32. a3 Rad8 33. b4 Qg7 34. Rd1 Re6 35. b5 Qxg6 36. b6+ axb6 37. cxb6+ Kc8 38. Qd2 Kd7 39. a4 Rde8 40. a5 Qf6 41. Qd3 Re2 42. Qh7+ R8e7 43. Qh3+ Qe6 44. Qh4 Re1+ 45. Rxe1 Qxe1+ 46. Kg2 Qe4+ 0-1